[Event "EIRCC 2019"]
[Site "Tallinn"]
[Date "2019.12.05"]
[Round "2.6"]
[White "Demidov, Mikhail"]
[Black "Lazavik, Denis"]
[Result "1-0"]
[WhiteElo "2635"]
[BlackElo "2201"]
[Annotator "TA"]
[PlyCount "111"]
[EventDate "2019.12.05"]
[EventType "swiss"]
[EventCountry "EST"]
[SourceTitle "playchess.com"]
[Source "ChessBase"]
[SourceQuality "1"]

{[%evp 16,111,8,-2,12,-1,27,25,41,24,39,27,48,44,46,10,20,9,0,0,13,0,14,10,14,0,29,35,55,0,0,0,0,0,0,-14,0,-18,0,-5,30,18,13,8,8,0,11,7,25,20,29,25,27,16,16,12,8,0,21,0,0,0,0,0,0,0,15,24,28,0,22,14,12,9,10,15,19,19,19,0,128,16,130,133,234,221,672,652,624,555,29986,29987,29987,29988,29988,29989,29989,29990]} 1. Nf3 Nf6 2. g3 c5 3. Bg2 g6 4. O-O Bg7 5. b3 O-O 6. Bb2 b6 7. d4 Bb7 8. dxc5 bxc5 9. c4 d6 {A47: 1 d4 Nf6 2 Nf3 b6: Torre, London and Colle Systems} 10. Nc3 Nbd7 11. Qc2 a5 {White has an edge.} (11... Rb8 12. Rab1 a6 13. Rfd1 Qc7 14. Rd2 Rfe8 15. e4 Rbd8 16. Nd5 Nxd5 17. exd5 {1-0 (51) Nakamura,H (2746)-Duda,J (2738) St Petersburg 2018}) 12. Rad1 Qb8 $146 ({Predecessor:} 12... Ra6 13. Ne1 Qb8 14. a4 Ne5 15. Nb5 Bxg2 16. Nxg2 Nc6 17. Ne3 {0-1 (42) Hakobyan,A (2417)-Mikaelyan,A (2449) Yerevan 2016}) 13. Rfe1 Ng4 14. h3 Nge5 15. Nxe5 Nxe5 16. Nd5 Bxd5 17. Bxd5 {And now f4 would win.} Ra7 18. Bc3 Nd7 19. Bd2 Qc7 20. h4 Nb6 21. Bf3 a4 22. h5 (22. Rb1 $14) 22... axb3 $11 23. axb3 Nd7 24. Bd5 e6 25. Bg2 Ne5 26. h6 Bh8 27. Bc3 f5 28. Qd2 Nf7 29. Bxh8 Kxh8 30. e4 {aiming for exf5.} fxe4 31. Bxe4 Qe7 32. Bd5 Ne5 33. Bg2 Nf7 $1 34. Re2 Qf6 35. Rde1 e5 36. Rd1 g5 37. Be4 Qxh6 38. Kg2 {Hoping for Rh1.} Qf6 39. Rh1 h6 40. Re3 Kg7 41. Rf3 Qe7 42. Bb1 Raa8 (42... g4 43. Rxf7+ $1 {[%mdl 512]} Kxf7 44. Rxh6 $18) 43. Qc2 {[%csl Gb1][%cal Rc2h7]} e4 $1 {[%cal Re4f3]} 44. Re3 Rae8 45. Rhe1 $40 {[%cal Re3e4][%mdl 128] Black needs to defend precisely.} Ne5 46. Qxe4 {Qh7+ would kill now.} Kh8 47. R1e2 Qg7 (47... Rb8 $11) 48. Qd5 ({White must play} 48. b4 $1 $16) 48... Rf6 {[#]} (48... Rd8 $1 $11 {keeps the balance.}) 49. b4 $1 $16 {[%cal Rb4c5][%mdl 512]} cxb4 {[#]} (49... Rc8 $16 {is a better defense.}) 50. c5 $1 $18 {[%cal Rc5d6]} Ref8 $2 (50... Qf8 51. cxd6 Qxd6 52. Qxd6 Rxd6 53. Rxe5 Rxe5 54. Rxe5 Rb6) 51. cxd6 Ng4 52. Re7 Rxf2+ 53. Rxf2 {White mates.} Rxf2+ 54. Kg1 Rf1+ 55. Kxf1 Qf6+ 56. Qf5 {Accuracy: White = 54%, Black = 33%.} 1-0

[Event "EIRCC 2019"]
[Site "Tallinn"]
[Date "2019.12.05"]
[Round "2.7"]
[White "Marie, Maxime"]
[Black "Andriasian, Zaven"]
[Result "0-1"]
[WhiteElo "2202"]
[BlackElo "2633"]
[Annotator "TA"]
[PlyCount "44"]
[EventDate "2019.12.05"]
[EventType "swiss"]
[EventCountry "EST"]
[SourceTitle "playchess.com"]
[Source "ChessBase"]
[SourceQuality "1"]

{[%evp 13,44,11,17,0,8,13,8,0,9,12,25,8,7,-52,-25,-67,-70,-63,-4,-329,-328,-918,-939,-883,-880,-923,-912,-29971,-1479,-29972,-9682,-2039,-1805]} 1. c4 e5 2. g3 h5 3. h4 Nc6 4. Bg2 g6 5. Nc3 Bg7 6. e3 d6 7. Nge2 Bg4 8. a3 {A25: English Opening vs King's Indian with ...Nc6 but without early d3} (8. d3 Nge7 9. b3 g5 10. hxg5 h4 11. Rxh4 Rxh4 12. gxh4 Nf5 13. Kd2 Nxh4 14. Qh1 Nxg2 15. Qxg2 Qd7 16. Ba3 Bh3 {½-½ (45) Rodshtein,M (2673)-Korobov,A (2686) Skopje 2019}) 8... a5 9. Rb1 Nf6 10. b4 {The position is equal.} axb4 11. axb4 Qd7 12. Nd5 $146 ({Predecessor:} 12. Qb3 O-O 13. O-O Bh3 14. d4 Bxg2 15. Kxg2 exd4 16. exd4 {0-1 (24) Morgan,A-Blackstock,L (2112) Manchester 1970}) 12... O-O $36 {[%mdl 2048] Black is pushing.} 13. d3 {[#]} ({White should try} 13. b5 $11 Nd8 14. f3) 13... e4 $1 $15 {[%mdl 512] And now ...Ne5 would win.} 14. Nxf6+ (14. dxe4 Ne5) 14... Bxf6 15. Bxe4 Ne5 (15... Rfe8 $15 16. Bb2 Bxb2 17. Rxb2 Rxe4 $1 {[%mdl 512]} 18. dxe4 Bf3) 16. f4 $2 {[%mdl 8192]} (16. Bb2 $11 {and White has nothing to worry.}) 16... Ra2 $1 $19 {[%cal Ra2e2]} 17. Bd2 $2 {[#]} (17. Rh2 Nf3+ 18. Bxf3 Bxf3 19. Qb3 Rxe2+ 20. Rxe2) 17... d5 $1 {[%mdl 512]} 18. fxe5 (18. cxd5 Nxd3+) 18... dxe4 19. d4 {[#]} Bxe5 $1 {[%mdl 512]} 20. Qb3 {[#]} (20. dxe5 Rd8) 20... Rfa8 (20... Bxe2 $142 $1 {[%mdl 512]} 21. Rg1 {[#]} (21. Kxe2 Qg4+) 21... Qh3 $1 {[%mdl 512]} 22. dxe5 Qh2 23. Qxa2 Bf3 24. Bc3 Qxg1+ {[%mdl 64] Double Attack} 25. Kd2 Qh2+ 26. Kc1 Qxa2 27. Bd4 Qxc4+ 28. Kb2 Ra8 29. Ra1 Qxb4+ 30. Kc2 Rxa1 31. Bxa1 Be2 32. Bc3 Bd3+ 33. Kd1 Qxc3 34. g4 Qc2+ 35. Ke1 Qe2#) 21. Nf4 Bxf4 22. gxf4 R8a3 {Accuracy: White =  8%, Black = 66%.} 0-1

[Event "EIRCC 2019"]
[Site "Tallinn"]
[Date "2019.12.05"]
[Round "2.8"]
[White "Lysyj, Igor"]
[Black "Kiili, Markus"]
[Result "1-0"]
[WhiteElo "2599"]
[BlackElo "2191"]
[Annotator "TA"]
[PlyCount "195"]
[EventDate "2019.12.05"]
[EventType "swiss"]
[EventCountry "EST"]
[SourceTitle "playchess.com"]
[Source "ChessBase"]
[SourceQuality "1"]

{[%evp 15,195,43,59,41,60,47,35,29,75,70,107,85,113,112,111,81,83,61,61,47,47,10,31,-47,-38,-47,-28,-49,-35,-33,-23,-45,-42,-86,-18,-73,-70,-66,-92,-135,-81,-102,-16,-29,-31,-18,0,-17,0,-19,-14,-20,0,-16,0,0,0,0,0,0,0,0,12,0,0,0,0,0,0,0,0,0,0,0,0,0,0,0,0,0,0,0,0,0,83,42,42,0,79,0,0,0,0,7,12,0,66,0,0,0,0,0,0,0,154,140,255,0,181,0,111,0,218,177,177,0,2,7,1,0,1429,12,124,12,12,12,12,12,12,12,12,0,12,12,12,0,0,0,0,0,38,0,0,0,0,0,12,12,12,0,117,0,296,264,338,177,426,261,261,258,268,43,1083,1056,12822,12820,12813,12798,7198,2409,1144,0,1100,553,2420,2081,29985,29986,29997,29998,29998,29999]} 1. d4 Nf6 2. c4 g6 3. Nc3 Bg7 4. e4 d6 5. Be2 O-O 6. Nf3 e5 7. O-O Nbd7 8. Be3 Re8 9. Qc2 {E94: King's Indian: Classical: 6 Be2 e5 7 0-0: Various Black 7th moves} Nh5 (9... exd4 10. Nxd4 c6 11. Rad1 a6 12. f3 Qc7 13. g4 h6 14. Qd2 Kh7 15. Nb3 Bf8 16. g5 hxg5 17. Bxg5 Nh5 18. f4 Ndf6 19. f5 {1-0 (42) Lysyj,I (2633)-Fedorov,A (2557) Moscow 2019}) 10. Rfe1 Nf4 $146 ({Predecessor:} 10... Bf8 11. Rad1 c6 12. b4 exd4 13. Nxd4 Nhf6 14. a4 a5 15. bxa5 Qxa5 16. Nb3 Qc7 {1-0 (79) Basencyan,M (2140)-Gevorgyan,D (2335) Yerevan 2016}) 11. Bf1 {White is slightly better.} c5 {[%cal Rc5d4]} 12. d5 Bf8 13. a3 Be7 14. b4 b6 15. Nd2 Rf8 16. Nb3 f5 17. bxc5 bxc5 18. Bd2 Nf6 19. f3 (19. g3 $14 N4h5 20. exf5 Bxf5 21. Qd1) 19... fxe4 $1 $15 20. Nxe4 Nxe4 21. fxe4 a5 22. Be3 Ra7 23. Nd2 Bg5 24. Nf3 {[#]} Bf6 (24... Nh3+ $1 $17 {[%mdl 512]} 25. Kh1 (25. gxh3 Rxf3) 25... Bxe3 26. Rxe3 Raf7) 25. Be2 (25. Rab1 $11) 25... g5 $17 26. Nd2 g4 27. Bf1 Bg5 (27... Rg7 $142 28. g3 Rgf7) 28. g3 Ng6 (28... Qf6 $17 29. Qc3 (29. gxf4 exf4 30. Bxc5 dxc5 $15) 29... Qg6) 29. Bg2 Bxe3+ 30. Rxe3 Bd7 31. Rf1 (31. Qb2 {keeps more tension.} h5 32. Rb3 h4 33. Rf1 h3 34. Bh1) 31... Rxf1+ 32. Bxf1 Rb7 33. Re1 Qb8 34. Rb1 Ne7 35. Rxb7 Qxb7 36. Qc3 a4 37. Be2 Kg7 38. Bd1 Nc8 39. Kf2 Qb6 40. Ke1 Qd8 41. Qe3 Kg6 42. Be2 Qg5 43. Qc3 Qd8 44. Nf1 Qb6 45. Bd3 Ne7 46. Bc2 h5 47. Ne3 Kg5 48. Ng2 Ng6 49. Kd1 Qd8 (49... Kf6 $11) 50. Qd2+ $16 Kf6 51. Kc1 Qh8 (51... Kg7 $11) 52. Qf2+ (52. Qa5 $16 {And now Qc7 would win.} Qh6+ 53. Kb1) 52... Kg7 $11 53. Ne3 Ne7 54. Qd2 {next Qa5 is good for White.} Qh6 55. Kd1 Kg6 (55... Qf6 $11) 56. Qf2 ({White should play} 56. Ke2 $1 $14 h4 57. Nf5 Qxd2+ 58. Kxd2 hxg3 59. Nxe7+ Kf6 60. Ng8+ (60. hxg3 Kxe7 61. Bd1 Kf7 $11) 60... Kg7 61. hxg3 Kxg8 62. Ke2) 56... Kg7 57. Ke1 Qf6 58. Qe2 Kg6 59. Kd2 Qg5 $2 (59... Ng8 $11) 60. Qd1 $16 Qf6 (60... Nc8 $16) 61. Ke1 $2 (61. Bxa4 $18 Qf2+ 62. Kd3 Bxa4 63. Qxa4) 61... Qg5 $2 (61... Kf7 $11) 62. Qd2 $2 (62. Ke2 $1 $18) 62... Qf6 (62... Ng8 $11) 63. Bd1 (63. Qa5 $1 $16) 63... Qg5 $2 (63... Ng8 $11) 64. Ke2 $1 $18 Qf6 65. Kd3 $2 ({Better is} 65. Qa5 $1 $18) 65... Qf8 66. Qa5 {Hoping for Qc7.} Qb8 $1 $36 {[%mdl 2048] Black fights for an advantage.} 67. Bc2 Nc8 $2 {[%mdl 8192]} ({Avoid the trap} 67... Qb2 $2 68. Qc7 $18 (68. Qc3 Qc1 $11)) (67... Ng8 $11) 68. Nd1 $2 (68. Qd8 $18) 68... Qb6 (68... Nb6 $11 {remains equal.}) 69. Qd2 (69. Qa8 $1 $16) 69... Qd8 $11 70. Qf2 Qf6 71. Qe2 Qg5 72. Ne3 Qf6 73. Kd2 Qg5 74. Kc3 Qf6 75. Bd3 Qd8 76. Kc2 Qg5 77. Qd2 Qd8 78. Kc1 Qg5 79. Bc2 Qd8 80. Kd1 Qg5 81. Ke1 Qd8 82. Ng2 Qf6 (82... Qg5 $11 {keeps the balance.}) 83. Nh4+ (83. Qa5 $1 $16) 83... Kg7 $2 {[%mdl 8192]} (83... Kf7 $11 {and Black is okay.}) 84. Qa5 $1 $18 {[%cal Ra5c7] Black must now prevent Qc7.} Qg5 {[#]} 85. Kd1 (85. Qc7 $142 $1 {[%cal Rc7d7]} Qc1+ 86. Bd1) 85... Qe3 $2 (85... Kf7 {keeps fighting.} 86. Qc7 (86. Bxa4 Qe3 $11) 86... Ke8) 86. Qd8 Qg1+ 87. Kd2 Qf2+ {[#]} 88. Kc1 $2 (88. Kd3 $1 $18 Qf7 89. Qc7) 88... Qe3+ $2 {[%mdl 8192]} (88... Qg1+ $14 89. Kb2 Nb6 90. Qxb6 Qd4+ 91. Kb1 Qg1+ 92. Ka2 Qf2) 89. Kb2 Qd4+ 90. Kb1 Qg1+ 91. Ka2 Nb6 92. Qe7+ (92. Nf5+ $142 Bxf5 93. exf5) 92... Kg8 93. Qd8+ Kg7 $1 94. Qxb6 {Qc7! would kill now.} Qxh2 95. Kb2 {White threatens Qc7! and mate.} Qxg3 96. Qd8 {White mates.} Kh6 97. Qf6+ {[%mdl 64] Double Attack} Kh7 {[#]} 98. Qf7+ $1 {[%mdl 64] Double Attack. Accuracy: White = 43%, Black = 42%.} 1-0

[Event "EIRCC 2019"]
[Site "Tallinn"]
[Date "2019.12.05"]
[Round "2.9"]
[White "Murashova, Ekaterina"]
[Black "Postny, Evgeny"]
[Result "0-1"]
[WhiteElo "2196"]
[BlackElo "2598"]
[Annotator "ChessBase"]
[PlyCount "83"]
[EventDate "2019.12.05"]
[EventType "swiss"]
[EventCountry "EST"]
[SourceTitle "playchess.com"]
[Source "ChessBase"]
[SourceQuality "1"]
[TimeControl "900+10"]

1. e4 {[%emt 0:00:00]} c6 {[%emt 0:00:00]} 2. d4 {[%emt 0:00:00]} d5 {[%emt 0:00:00]} 3. exd5 {[%emt 0:00:00]} cxd5 {[%emt 0:00:00]} 4. c4 {[%emt 0:00:00]} Nf6 {[%emt 0:00:00]} 5. Nc3 {[%emt 0:00:01]} g6 {[%emt 0:00:00]} 6. Qb3 {[%emt 0:00:34]} Bg7 {[%emt 0:00:02]} 7. cxd5 {[%emt 0:00:01]} O-O {[%emt 0:00:04]} 8. Be2 {[%emt 0:00:11]} Nbd7 {[%emt 0:00:11]} 9. Bf3 {[%emt 0:00:04]} Nb6 {[%emt 0:00:02]} 10. Nge2 {[%emt 0:00:10]} Bf5 {[%emt 0:00:03]} 11. Bf4 {[%emt 0:03:06]} Bd3 {[%emt 0:00:23]} 12. d6 {[%emt 0:00:24]} exd6 {[%emt 0:00:19]} 13. O-O {[%emt 0:00:52]} Re8 {[%emt 0:01:10]} 14. Rfe1 {[%emt 0:00:17]} Bc4 {[%emt 0:00:22]} 15. Qb4 {[%emt 0:02:48]} d5 {[%emt 0:01:48]} 16. b3 {[%emt 0:02:17]} Bd3 {[%emt 0:00:42]} 17. Be5 {[%emt 0:01:12]} a5 {[%emt 0:02:35]} 18. Qa3 {[%emt 0:00:37]} Bf8 {[%emt 0:04:22]} 19. Qb2 {[%emt 0:00:10]} Be4 {[%emt 0:00:05]} 20. Bxf6 {[%emt 0:01:55]} Qxf6 {[%emt 0:00:02]} 21. Bxe4 {[%emt 0:00:04]} dxe4 {[%emt 0:00:01]} 22. Ng3 {[%emt 0:00:32]} Qxd4 {[%emt 0:00:35]} 23. Rad1 {[%emt 0:00:28]} Qg7 {[%emt 0:01:00]} 24. Rxe4 {[%emt 0:01:44]} Bb4 {[%emt 0:01:52]} 25. Na4 {[%emt 0:00:24]} Nxa4 {[%emt 0:00:31]} 26. Qxg7+ {[%emt 0:00:03]} Kxg7 {[%emt 0:00:01]} 27. bxa4 {[%emt 0:00:04]} Rad8 {[%emt 0:00:23]} 28. Rxd8 {[%emt 0:00:21]} Rxd8 {[%emt 0:00:02]} 29. Nf1 {[%emt 0:00:10]} Rd3 {[%emt 0:00:24]} 30. g3 {[%emt 0:00:44]} Ra3 {[%emt 0:00:05]} 31. Re2 {[%emt 0:00:05]} Rxa4 {[%emt 0:00:03]} 32. Ne3 {[%emt 0:00:02]} Bc5 {[%emt 0:00:14]} 33. Nd5 {[%emt 0:00:08]} b5 {[%emt 0:00:47]} 34. Rc2 {[%emt 0:00:08]} Bd4 {[%emt 0:00:28]} 35. Kg2 {[%emt 0:00:07]} Ra3 {[%emt 0:00:05]} 36. Nc7 {[%emt 0:00:09]} b4 {[%emt 0:00:08]} 37. Nb5 {[%emt 0:00:04]} Rd3 {[%emt 0:00:02]} 38. Rc6 {[%emt 0:00:23]} Rd2 {[%emt 0:01:19]} 39. Nxd4 {[%emt 0:00:01]} Rxd4 {[%emt 0:00:02]} 40. Ra6 {[%emt 0:00:01]} Rd5 {[%emt 0:00:01]} 41. Kf3 {[%emt 0:00:01]} Rd3+ {[%emt 0:00:17]} 42. Ke4 0-1

[Event "EIRCC 2019"]
[Site "Tallinn"]
[Date "2019.12.05"]
[Round "2.10"]
[White "Sanal, Vahap"]
[Black "Jazdanovs, Aleksandrs"]
[Result "1-0"]
[WhiteElo "2597"]
[BlackElo "2187"]
[Annotator "ChessBase"]
[PlyCount "65"]
[EventDate "2019.12.05"]
[EventType "swiss"]
[EventCountry "EST"]
[SourceTitle "playchess.com"]
[Source "ChessBase"]
[SourceQuality "1"]
[TimeControl "900+10"]

1. e4 {[%emt 0:00:06]} c5 {[%emt 0:00:04]} 2. Nc3 {[%emt 0:00:03]} d6 {[%emt 0:00:09]} 3. Bb5+ {[%emt 0:00:05]} Bd7 {[%emt 0:00:10]} 4. Bxd7+ {[%emt 0:00:03]} Qxd7 {[%emt 0:00:55]} 5. d4 {[%emt 0:00:03]} cxd4 {[%emt 0:00:16]} 6. Qxd4 {[%emt 0:00:16]} Nc6 {[%emt 0:00:14]} 7. Qd3 {[%emt 0:00:02]} g6 {[%emt 0:01:07]} 8. Nf3 {[%emt 0:00:05]} Bg7 {[%emt 0:00:05]} 9. Bg5 {[%emt 0:00:06]} Nf6 {[%emt 0:00:24]} 10. Rd1 {[%emt 0:00:02]} O-O {[%emt 0:00:19]} 11. O-O {[%emt 0:00:15]} Qe6 {[%emt 0:00:58]} 12. Nd5 {[%emt 0:00:21]} Rac8 {[%emt 0:00:55]} 13. Rfe1 {[%emt 0:00:08]} h6 {[%emt 0:02:02]} 14. Bc1 {[%emt 0:00:32]} Nd7 {[%emt 0:02:28]} 15. c4 {[%emt 0:00:12]} Nce5 {[%emt 0:00:21]} 16. Nxe5 {[%emt 0:00:02]} Nxe5 {[%emt 0:00:02]} 17. Qb3 {[%emt 0:00:02]} b6 {[%emt 0:02:49]} 18. Qa3 {[%emt 0:00:12]} Nxc4 {[%emt 0:00:10]} 19. Qxa7 {[%emt 0:00:03]} Ra8 {[%emt 0:00:52]} 20. Qc7 {[%emt 0:00:26]} Nxb2 {[%emt 0:00:34]} 21. Nxe7+ {[%emt 0:00:22]} Kh7 {[%emt 0:00:26]} 22. Rxd6 {[%emt 0:01:39]} Be5 {[%emt 0:01:10]} 23. Rxe6 {[%emt 0:00:16]} Bxc7 {[%emt 0:00:02]} 24. Rc6 {[%emt 0:00:02]} Nd3 {[%emt 0:00:02]} 25. Re2 {[%emt 0:00:13]} Nxc1 {[%emt 0:01:05]} 26. Rxc1 {[%emt 0:00:01]} Bd6 {[%emt 0:00:01]} 27. Nd5 {[%emt 0:00:06]} Ra6 {[%emt 0:01:16]} 28. g3 {[%emt 0:00:06]} Kg7 {[%emt 0:00:04]} 29. Rc6 {[%emt 0:00:06]} Bc5 {[%emt 0:00:02]} 30. e5 {[%emt 0:00:07]} Rd8 {[%emt 0:00:11]} 31. Nc7 {[%emt 0:00:14]} Ra7 {[%emt 0:00:42]} 32. e6 {[%emt 0:00:10]} Rd6 {[%emt 0:00:03]} 33. Ne8+ {[%emt 0:00:03]} 1-0

[Event "EIRCC 2019"]
[Site "Tallinn"]
[Date "2019.12.05"]
[Round "2.11"]
[White "Van Dael, Siem"]
[Black "Riazantsev, Alexander"]
[Result "0-1"]
[WhiteElo "2189"]
[BlackElo "2594"]
[Annotator "TA"]
[PlyCount "26"]
[EventDate "2019.12.05"]
[EventType "swiss"]
[EventCountry "EST"]
[SourceTitle "playchess.com"]
[Source "ChessBase"]
[SourceQuality "1"]

{[%evp 11,26,0,0,-12,10,-3,-3,0,16,13,22,15,21,0,0,-341,-350]} 1. e4 c5 2. Nf3 Nc6 3. d4 cxd4 4. Nxd4 e5 5. Nb5 d6 6. N5c3 Nf6 7. Bd3 {B32: Sicilian: Löwenthal and Kalashnikov Variations} (7. Na3 Be7 8. Bg5 O-O 9. Bxf6 Bxf6 10. Nc4 Be6 11. Qxd6 Nd4 12. Qxd8 Rfxd8 13. Ne3 Bg5 14. Bd3 Rac8 15. O-O-O {1-0 (50) Bauer,C (2592)-Bacrot,E (2705) Paris 2009}) 7... g6 $146 ({Predecessor:} 7... Bg4 8. f3 Be6 9. Bg5 Be7 10. Nd2 h6 11. Bh4 Nh5 12. Bf2 Nf4 13. Bf1 a6 14. g3 Nh3 {1-0 (64) Sinkovic,M (1950)-Gradinscak,J (1844) Zagreb 2011}) 8. Nd5 Nxd5 9. exd5 {The position is equal.} Nb8 10. c4 Bg7 11. Nc3 O-O 12. O-O f5 13. b4 $2 {[%mdl 8192] [#]} (13. f3 $11 {and White stays safe.}) 13... e4 {[%mdl 64] Discovered Attack} 0-1

[Event "EIRCC 2019"]
[Site "Tallinn"]
[Date "2019.12.05"]
[Round "2.12"]
[White "Esipenko, Andrey"]
[Black "Psyk, Radoslaw"]
[Result "1-0"]
[WhiteElo "2590"]
[BlackElo "2178"]
[Annotator "TA"]
[PlyCount "109"]
[EventDate "2019.12.05"]
[EventType "swiss"]
[EventCountry "EST"]
[SourceTitle "playchess.com"]
[Source "ChessBase"]
[SourceQuality "1"]

{[%evp 15,109,1,28,20,67,66,66,60,63,56,54,60,67,52,98,105,116,93,175,179,178,175,170,178,219,177,156,142,152,133,251,239,276,248,254,284,276,268,282,281,300,271,268,274,383,364,358,362,357,353,396,397,472,355,527,524,542,531,610,619,581,570,1305,1256,1271,1212,1832,819,1641,1689,1963,1837,1635,1760,1318,1006,12839,6458,12839,12840,12839,12840,12840,12841,12840,12839,12840,12824,6603,6116,4786,4786,2257,1877,1369,793]} 1. d4 Nf6 2. c4 e6 3. Nf3 b6 4. g3 Bb7 5. Bg2 Be7 6. O-O O-O 7. Nc3 Ne4 8. Bd2 Bf6 9. Re1 {E18: Queen's Indian: Old Main Line (4 g3 Bb7 5 Bg2 Be7 6 0-0 0-0 7 Nc3)} d6 10. Ng5 Bxg5 11. Bxg5 {White is slightly better.} Qxg5 12. Nxe4 Bxe4 13. Bxe4 c6 14. Rc1 {[#]} f5 $146 ({Predecessor:} 14... Rc8 15. Qa4 Qd8 16. Bg2 Qc7 {1-0 (56) Gelfand,B (2673)-Esipenko,A (2593) Moscow 2018}) 15. Bg2 f4 16. Qd3 Kh8 (16... a5 $16) 17. b4 $18 fxg3 18. hxg3 d5 19. b5 Qf6 20. Rf1 a6 21. bxc6 Nxc6 22. e3 ({Don't do} 22. cxd5 exd5 23. e3 (23. Bxd5 Nb4 $14) 23... Qd6 $16) 22... Rac8 (22... Rfd8 $16 23. Qe2 h6) 23. cxd5 {[%mdl 64] Discovered Attack} Nb4 24. Qe2 Nxd5 25. Rxc8 Rxc8 26. Qxa6 Rf8 27. Qb5 Qd8 28. Rc1 Qf6 29. Qe2 Qd8 30. Rc6 Qd7 31. Bxd5 Qxd5 32. Rxb6 {[%mdl 4096] Endgame KQR-KQR} h6 33. Rb5 Qa8 34. Rc5 Rb8 (34... Qe4 {keeps fighting.} 35. a4 Rb8) 35. Qc2 {White is clearly winning.} Rf8 36. a4 {[%cal Ba2a4,Ba4a5,Ba5a6][%mdl 32]} Qe8 37. a5 Qa8 38. e4 Qd8 39. d5 e5 40. a6 h5 {[#]} 41. Qe2 (41. d6 $142 $1 h4 (41... Qxd6 42. Rc8) 42. Rxe5) 41... Qg5 42. Rc3 h4 43. Rf3 Rc8 44. Rf5 Qc1+ 45. Qf1 Qa3 {[#]} 46. Qh3 $1 {Intending Rh5+ and mate.} Qxa6 47. Rh5+ Kg8 48. Rxh4 {White wants to mate with Rh8+.} Rc1+ 49. Kh2 {White threatens Rh8+ and mate.} Qf6 50. Rh8+ Kf7 51. Qd7+ Kg6 52. Qe8+ Qf7 53. Qxf7+ {[%mdl 64] Overworked Piece} Kxf7 54. Rh5 Rc2 55. Kg2 {Accuracy: White = 81%, Black = 27%.} 1-0

[Event "EIRCC 2019"]
[Site "Tallinn"]
[Date "2019.12.05"]
[Round "2.13"]
[White "Morgunov, Marc"]
[Black "Yuffa, Daniil"]
[Result "0-1"]
[WhiteElo "2182"]
[BlackElo "2587"]
[Annotator "ChessBase"]
[PlyCount "68"]
[EventDate "2019.12.05"]
[EventType "swiss"]
[EventCountry "EST"]
[SourceTitle "playchess.com"]
[Source "ChessBase"]
[SourceQuality "1"]
[TimeControl "900+10"]

1. e4 {[%emt 0:00:00]} c6 {[%emt 0:00:00]} 2. Nc3 {[%emt 0:00:00]} d5 {[%emt 0:00:00]} 3. Nf3 {[%emt 0:00:00]} Bg4 {[%emt 0:00:00]} 4. h3 {[%emt 0:00:00]} Bxf3 {[%emt 0:00:01]} 5. Qxf3 {[%emt 0:00:00]} e6 {[%emt 0:00:02]} 6. Be2 {[%emt 0:00:00]} Bc5 {[%emt 0:00:15]} 7. O-O {[%emt 0:00:31]} Ne7 {[%emt 0:00:06]} 8. d3 {[%emt 0:04:05]} O-O {[%emt 0:00:09]} 9. Qg3 {[%emt 0:00:41]} Nd7 {[%emt 0:00:13]} 10. Bd2 {[%emt 0:00:18]} f5 {[%emt 0:01:30]} 11. exd5 {[%emt 0:02:28]} exd5 {[%emt 0:02:17]} 12. Rae1 {[%emt 0:02:11]} Nf6 {[%emt 0:00:24]} 13. Na4 {[%emt 0:00:52]} Bd6 {[%emt 0:00:10]} 14. Bf4 {[%emt 0:00:02]} Bxf4 {[%emt 0:00:31]} 15. Qxf4 {[%emt 0:00:01]} Qa5 {[%emt 0:01:26]} 16. Nc3 {[%emt 0:00:20]} Rae8 {[%emt 0:01:19]} 17. Bd1 {[%emt 0:01:15]} Ng6 {[%emt 0:02:36]} 18. Qxf5 {[%emt 0:02:00]} Ne4 {[%emt 0:00:02]} 19. Qg4 {[%emt 0:00:21]} Nd2 {[%emt 0:00:57]} 20. Qd7 {[%emt 0:01:07]} Ne5 {[%emt 0:00:55]} 21. Qxb7 {[%emt 0:00:33]} Nxf1 {[%emt 0:00:43]} 22. Rxf1 {[%emt 0:00:21]} Rf7 {[%emt 0:00:35]} 23. Qb3 {[%emt 0:00:06]} Ref8 {[%emt 0:00:03]} 24. Qa4 {[%emt 0:00:37]} Qb6 {[%emt 0:00:09]} 25. d4 {[%emt 0:00:18]} Nc4 {[%emt 0:00:13]} 26. Bg4 {[%emt 0:00:23]} Kh8 {[%emt 0:00:49]} 27. Be6 {[%emt 0:00:34]} Rf6 {[%emt 0:00:09]} 28. Bxd5 {[%emt 0:00:01]} Ne3 {[%emt 0:00:51]} 29. Ne4 {[%emt 0:00:21]} Nxf1 {[%emt 0:01:01]} 30. Nxf6 {[%emt 0:00:02]} gxf6 {[%emt 0:00:59]} 31. Bxc6 {[%emt 0:00:23]} Nd2 {[%emt 0:00:11]} 32. b3 {[%emt 0:00:14]} a5 {[%emt 0:00:28]} 33. Qb5 {[%emt 0:00:13]} Qxb5 {[%emt 0:00:11]} 34. Bxb5 {[%emt 0:00:00]} Rd8 {[%emt 0:00:02]} 0-1